LEADER 00776nam0-2200289 --450 001 9910284627303321 005 20181004111022.0 010 $a978-88-339-2218-8 020 $aIT$b2011-4204 100 $a20181004d2011----kmuy0itay5050 ba 101 0 $aita 102 $aIT 105 $a 001yy 200 1 $aIntroduzione alla verità$fFranca D'Agostini 210 $aTorino$cBollati Boringhieri$d2011 215 $a359 p.$d23 cm 225 1 $aTemi$v206 610 0 $aVerità 676 $a121$v20$zita 700 1$aD'Agostini,$bFranca$0144508 801 0$aIT$bUNINA$gREICAT$2UNIMARC 901 $aBK 912 $a9910284627303321 952 $aCOLLEZ. 1219 (206)$b2118/2018$fFSPBC 959 $aFSPBC 996 $aIntroduzione alla verità$9248659 997 $aUNINA LEADER 04231nam 2200745Ia 450 001 9910463993803321 005 20181019213133.0 010 $a1-4623-5273-1 010 $a1-4527-9950-4 010 $a1-4518-7330-1 010 $a9786612843938 010 $a1-282-84393-1 035 $a(CKB)3170000000055333 035 $a(EBL)1608422 035 $a(SSID)ssj0000941803 035 $a(PQKBManifestationID)11601428 035 $a(PQKBTitleCode)TC0000941803 035 $a(PQKBWorkID)10963925 035 $a(PQKB)11689167 035 $a(OCoLC)539086858 035 $a(MiAaPQ)EBC1608422 035 $a(EXLCZ)993170000000055333 100 $a20100904d2009 uf 0 101 0 $aeng 135 $aurcn||||||||| 181 $ctxt 182 $cc 183 $acr 200 10$aInternational evidence on recovery from recessions$b[electronic resource] /$fprepared by Valerie Cerra, Ugo Panizza, and c. Saxena 210 $aWashington, D.C. $cInternational Monetary Fund, IMF Institute$dc2009 215 $a1 online resource (32 p.) 225 1 $aIMF working paper ;$vWP/09/183 300 $a"August 2009." 311 $a1-4519-1755-4 320 $aIncludes bibliographical references. 327 $aContents; I. Introduction; II. Methodology and Data; III. Results; IV. The Aftermath of Banking Crises; V. Conclusions; Tables; 1: Speed of Recovery after Recessions (FE regressions); 2: Countries with population less than 1 million are excluded from the sample; 3: Country Size; 4: Monetary Policy; 5: Fiscal Policy; 6: Fiscal Policy (alternative definition); 7: Foreign Aid; 8: Exchange Rate Regime (Floating); 9: Exchange Rate Regime (Fixed and Intermediate); 10: Exchange Rate Regime and Currency Crises (Floating); 11: Exchange Rate Regime and Currency Crises (Fixed and Intermediate) 327 $a12: The Real Exchange Rate 13: The Real Exchange Rate and Currency Crises; 14: Labor Market Rigidities; 15: Effective Labor Market Rigidities; 16: Trade Openness; 17: Trade Openness and Country Size; 18: Trade Openness and Real External Shocks; 19: Trade Openness and Depth of Recession; 20: Trade Openness and Fiscal Policy (alternative definition); 21: Capital Account Openness; 22: Capital Account Openness and Trade Openness; 23: Controlling for Depth of Recession; 24: Normal Recessions and Banking Crises; 25: Normal Recessions and Banking Crises. The Effect of Fiscal Policy 327 $a26: Normal Recessions and Banking Crises. The Effect of Foreign Aid 27: Normal Recessions and Banking Crises. The Effect of Openness; 28: Normal recessions and Banking Crises. The Effect of the Exchange Rate Regime; Appendix: Data sources; References 330 $aAlthough negative shocks have persistent effects on output on average, this paper shows that macroeconomic policies and the structure of the economy can influence the speed of recovery and mitigate the persistence of the shock. Indeed, monetary and fiscal stimulus and foreign aid can spur a rebound, with impacts that are asymmetrically stronger than in nonrecovery years. Real depreciation and the exchange rate regime also have asymmetric growth effects in a recovery year relative to other years of expansion. Recoveries are more sluggish in open economies, partly because fiscal policy is less 410 0$aIMF working paper ;$vWP/09/183. 606 $aFinancial crises 606 $aRecessions 606 $aBusiness cycles 606 $aForeign exchange administration 606 $aForeign exchange market 606 $aCommercial policy 608 $aElectronic books. 615 0$aFinancial crises. 615 0$aRecessions. 615 0$aBusiness cycles. 615 0$aForeign exchange administration. 615 0$aForeign exchange market. 615 0$aCommercial policy. 676 $a336.54 700 $aCerra$b Valerie$0873342 701 $aPanizza$b Ugo$0873343 701 $aSaxena$b Sweta Chaman$0873344 712 02$aInternational Monetary Fund.$bResearch Dept. 801 0$bMiAaPQ 801 1$bMiAaPQ 801 2$bMiAaPQ 906 $aBOOK 912 $a9910463993803321 996 $aInternational evidence on recovery from recessions$91949622 997 $aUNINA LEADER 01663nam a2200397 i 4500 001 991001934179707536 008 060420s2006 sz a b 100 0 eng d 020 $a3764375647 024 3 $a9783764375645 035 $ab13450311-39ule_inst 040 $aDip.to Matematica$beng 082 04$a620.110151$222 084 $aAMS 00B25 084 $aAMS 35-06 084 $aAMS 47J40 084 $aAMS 49-06 084 $aAMS 74-06 084 $aAMS 76A15 084 $aLC TA403.6.V37 245 00$aVariational problems in materials science /$cGianni dal Maso, Antonio DeSimone, Franco Tomarelli, editors 260 $aBasel ;$aBoston ;$aBerlin :$bBirkhäuser Verlag,$cc2006 300 $ax, 159 p. :$bill. ;$c24 cm 440 0$aProgress in nonlinear differential equations and their applications ;$v68 500 $aProceedings of an international workshop held Sept. 6-10, 2004 at the International School for Advanced Studies, Trieste 504 $aIncludes bibliographical references 650 0$aMaterials science$xMathematics$vCongresses 650 0$aVariational principles$vCongresses 700 1 $aDal Maso, Gianni$eauthor$4http://id.loc.gov/vocabulary/relators/aut$042309 700 1 $aDeSimone, Antonio$eauthor$4http://id.loc.gov/vocabulary/relators/aut$0738414 700 1 $aTomarelli, Franco 907 $a.b13450311$b02-04-14$c06-11-06 912 $a991001934179707536 945 $aLE013 00B DAL11 (2006)$g1$i2013000204154$lle013$op$pE91.52$q-$rl$s- $t0$u4$v0$w4$x0$y.i1432653x$z27-11-06 996 $aVariational problems in materials science$91462514 997 $aUNISALENTO 998 $ale013$b06-11-06$cm$da $e-$feng$gsz $h0$i0 LEADER 01545nam 2200385z- 450 001 9910693930503321 005 20221108232716.0 035 $a(CKB)4920000000817233 035 $a(BIP)011223070 035 $a(EXLCZ)994920000000817233 100 $a20220316c2004uuuu -u- - 101 0 $aeng 200 10$aTo prescribe the Oath of Renunciation and Allegiance for purposes of the Immigration and Nationality Act $ehearing before the Subcommittee on Immigration, Border Security, and Claims of the Committee on the Judiciary, House of Representatives, One Hundred Eighth Congress, second session, on H.R. 3191, April 1, 2004 215 $a1 online resource (iii, 32 p.) 311 $a0-16-071934-8 517 $aTo prescribe the Oath of Renunciation and Allegiance for purposes of the Immigration and Nationality Act 606 $aEmigration and immigration law$zUnited States 606 $aCitizenship$zUnited States 606 $aNaturalization$zUnited States 606 $aNoncitizens$zUnited States 610 $aEmigration and immigration law 610 $aCitizenship 610 $aNaturalization 610 $aAliens 610 $aLaw 610 $aPolitical science 610 $aSocial science 615 0$aEmigration and immigration law 615 0$aCitizenship 615 0$aNaturalization 615 0$aNoncitizens 906 $aBOOK 912 $a9910693930503321 996 $aTo prescribe the Oath of Renunciation and Allegiance for purposes of the Immigration and Nationality Act$93148443 997 $aUNINA LEADER 03174oam 2200625 c 450 001 9910163136103321 005 20250802090638.0 010 $a3-7445-0619-3 010 $a3-86496-639-6 024 3 $a9783744506199 035 $a(CKB)3710000001045538 035 $a(MiAaPQ)EBC4518669 035 $a(Herbert von Halem Verlag)9783744506199 035 $a(EXLCZ)993710000001045538 100 $a20250802d2015 uy 0 101 0 $ager 135 $aurcnu|||||||| 181 $2rdacontent 182 $2rdamedia 183 $2rdacarrier 200 10$aFernsehjournalismus /$fMartin Ordolff, Daniel Moj 205 $a2nd ed. 210 $aKo?ln$cHerbert von Halem Verlag$d2015 215 $a1 online resource (254 pages) $cillustrations (some color) 225 0 $aPraktischer Journalismus$v62 300 $a[2., vo?llig u?berarbeitete Auflage] 311 08$a3-86764-428-4 320 $aIncludes bibliographical references and index. 330 $a'Fernsehen' findet heute nicht mehr nur auf den etablierten TV-Stationen und Sendeanstalten statt. Filme, Videos, Spots und Clips laufen auf YouTube, Vimeo und Co. Gu?nstige Produktionstechniken und leichte Zuga?nge zum Publikum schaffen neue Chancen fu?r Publizisten. Das Risiko: Die Aufgaben von Journalisten, zu recherchieren, auszuwa?hlen, zu gewichten und vor allem ausgewogen, versta?ndlich und informativ zu berichten, ko?nnten an Relevanz verlieren. Dieser Herausforderung stellt sich das Buch 'Fernsehjournalismus' in seiner 2., vo?llig u?berarbeiteten Auflage. Es vermittelt grundlegende Kenntnisse und Fa?higkeiten fu?r die journalistische Arbeit im Fernsehen oder in anderen Medien, die bewegte Bilder als Kommunikationsmittel nutzen. Dabei vermeiden es die Autoren, den Fernsehjournalismus zu einem Handwerk zu degradieren, das in wenigen Schritten erlernbar ist. Vielmehr verfolgen sie ein ganzheitliches Versta?ndnis fu?r den kreativen und gestalterischen Prozess der Fernsehberichterstattung. Das Buch richtet sich an alle, die sich fu?r die Arbeit von Fernsehjournalisten interessieren: Praktikanten, Volonta?re, Studenten, Berufsanfa?nger, Quereinsteiger. Es bietet aber auch erfahrenen Reportern und Redakteuren Anregungen in den verschiedensten Bereichen. Beispiele, Tipps und Checklisten machen es zu einem hilfreichen Begleiter der ta?glichen Arbeit. 410 0$aPraktischer Journalismus ;$vBd. 62. 606 $aCrossmedia 606 $aFernsehen 606 $aFernsehjournalismus 606 $aFilmisches Erza?hlen 606 $aJouralistische Darstellungsformen 606 $aJournalismus 606 $aMontage 606 $aSchnitt 615 4$aCrossmedia 615 4$aFernsehen 615 4$aFernsehjournalismus 615 4$aFilmisches Erza?hlen 615 4$aJouralistische Darstellungsformen 615 4$aJournalismus 615 4$aMontage 615 4$aSchnitt 700 $aOrdolff$b Martin$4aut$01836367 702 $aMoj$b Daniel$4aut 801 0$bMiAaPQ 801 1$bMiAaPQ 801 2$bMiAaPQ 906 $aBOOK 912 $a9910163136103321 996 $aFernsehjournalismus$94414439 997 $aUNINA LEADER 02751oas 2201033 a 450 001 9910139182003321 005 20250921213016.0 011 $a1548-1417 035 $a(DE-599)ZDB2210415-X 035 $a(OCoLC)53994535 035 $a(CONSER) 2004213825 035 $a(CKB)960238449042 035 $a(EXLCZ)99960238449042 100 $a20040108a19839999 sy a 101 0 $aeng 135 $aurcnu|||||||| 181 $ctxt$2rdacontent 182 $cc$2rdamedia 183 $acr$2rdacarrier 200 10$aAnthropology of work review $eAWR 210 $a[Stewartsville, N.J.] $cSociety for the Anthropology of Work$d1983- 210 3 $a[Hoboken, NJ] $cJohn Wiley & Sons Ltd 215 $a1 online resource 300 $aRefereed/Peer-reviewed 300 $aTitle from PDF file caption title (AnthroSource Web site, viewed Jan. 21, 2005). 300 $aVols. for published in New York, N.Y. 300 $aMembership directory published with v. 9, no. 4 has title: National directory of work anthropologists. 311 08$a0883-024X 517 3 $aAWR 606 $aWork$vPeriodicals 606 $aEconomic anthropology$vPeriodicals 606 $aTravail$vPe?riodiques 606 $aAnthropologie e?conomique$vPe?riodiques 606 $aEconomic anthropology$2fast$3(OCoLC)fst00901586 606 $aWork$2fast$3(OCoLC)fst01180188 606 $aAntropologia econòmica$2thub 608 $aPeriodicals.$2fast 608 $aPeriodicals.$2lcgft 608 $aRevistes electròniques.$2thub 615 0$aWork 615 0$aEconomic anthropology 615 6$aTravail 615 6$aAnthropologie e?conomique 615 7$aEconomic anthropology. 615 7$aWork. 615 7$aAntropologia econòmica. 676 $a306.3 712 02$aSociety for the Anthropology of Work (U.S.), 801 0$bNSD 801 1$bNSD 801 2$bOCLCQ 801 2$bCGU 801 2$bOCL 801 2$bCLU 801 2$bOCLCS 801 2$bMYG 801 2$bOCLCQ 801 2$bMUQ 801 2$bDLC 801 2$bOCLCQ 801 2$bDLC 801 2$bOCLCF 801 2$bSCB 801 2$bFIE 801 2$bUKMGB 801 2$bNLGGC 801 2$bOCLCQ 801 2$bEZC 801 2$bAU@ 801 2$bVT2 801 2$bOCLCQ 801 2$bU3W 801 2$bOCLCO 801 2$bNJT 801 2$bSFB 801 2$bCNMTR 801 2$bUBY 801 2$bOCLCO 801 2$bJ9U 801 2$bCNTRU 801 2$bDLC 801 2$bCLU 801 2$bOCLCQ 801 2$bUAB 801 2$bOCLCL 906 $aJOURNAL 912 $a9910139182003321 996 $aAnthropology of work review$92225108 997 $aUNINA LEADER 02181nam 22004573 450 001 9910136707603321 005 20230801235406.0 035 $a(CKB)3710000000906933 035 $a(MiAaPQ)EBC6377397 035 $a(Au-PeEL)EBL6377397 035 $a(OCoLC)1237403223 035 $a(BIP)34782305 035 $a(EXLCZ)993710000000906933 100 $a20210901d2012 uy 0 101 0 $aeng 135 $aurcnu|||||||| 181 $ctxt$2rdacontent 182 $cc$2rdamedia 183 $acr$2rdacarrier 200 14$aThe Taming 205 $a1st ed. 210 1$aNew York :$cPRH Canada Young Readers,$d2012. 210 4$d©2012. 215 $a1 online resource (207 pages) 311 08$a0-385-67659-X 311 08$a0-385-67658-1 330 $aKatie likes to believe she's invisible. It seems so much safer than being exposed as who she is: shy, poor, and vulnerable. So getting up in front of audience as the lead in her school's production of The Taming of the Shrew should be complete torture. But as Katie tells it, something totally unexpected happened when she stepped on stage: "My head exploded. I loved it. Acting hit me like a sucker punch and I loved, loved, loved it! Invisible Katie became visible Katherina."   Evan is, as they say, another story. He knows just what it takes to get noticed, and he uses every one of the skills he's perfected from years of being the new kid at yet another new school. Rich, smart, and ridiculously charming, he's like nothing and no one Katie has ever encountered. How then could someone like him possibly be interested in someone like her ? But before she knows it they are inseparable. Over the dizzying course of their relationship, Katie must confront the fact that the power of love can conceal darker truths. 606 $aManipulative behavior 606 $aTeenagers 615 0$aManipulative behavior. 615 0$aTeenagers. 676 $a813/.54 700 $aToten$b Teresa$0852923 701 $aWalters$b Eric$0852924 801 0$bMiAaPQ 801 1$bMiAaPQ 801 2$bMiAaPQ 906 $aBOOK 912 $a9910136707603321 996 $aThe Taming$91904746 997 $aUNINA